=LDR 00000nam 2200000 4500 =001 INLIS000000000035964 =005 20130612141759 =008 ***********************************Ind** =035 ##$$0010-061300000035964 =041 ##$$a Ind =082 ##$$a 631.7, =100 ##$$a Danarti, Ir, 1988 =245 ##$$a Petunjuk mengairi dan menyiram tanaman =710 ##$$a Panebar Swadaya =850 ##$$a NBPNMAT